000 00323 a2200157 4500
001 166347
020 _a
040 _cMagnum
100 _aVeer, Rene Van Der
240 1 0 _aVygotsky: uma sintese
_lpor
245 1 0 _aVygotsky: uma sintese
362 0 _a1899
440 1 _aLoyola
697 _aPSICOLOGIA
942 _cBK
999 _c166347
_d166347